000 00808nam a2200217 a 4500
001 53694
003 BD-RjUL
005 20211209080014.0
008 161023s1967 ii ||||| |||| 00| 0 ben d
020 _c: Tk. 4.50
035 _a(BD-RjUL)53816
040 _aBD-RjUL
_bben
_cBD-RjUL
041 _aben
082 _223
_a891.4409
_bDAS 1967
245 1 0 _aসাহিত্য-পরিচয় /
_cসুরেন্দ্রনাথ দাসগুপ্ত
260 _aকলিকাতা :
_bমিত্র ও ঘোষ,
_c১৯৬৭?
300 _a[৮], ১৪৬ পৃ. ;
_c২২ সেমি.
650 _aবাংলা সাহিত্য
_xইতিহাস ও সমালোচনা
_9160458
650 _aBengali Literature
_xHistory and Criticism
_9160459
942 _2ddc
_cBK
999 _c53694
_d53694